000 00810nam a22002297a 4500
005 2010080306446.0
010 _aENG-97931
020 _a978818181712462
_c600.00
035 _aEN-81464
037 _bDBAD/PUB
082 _a591
245 _aFauna of Ranthambhore National Park Rajasthan /
_cedited by the directore, Zoological Survey of India
260 _aKolkata
_bZoological Survey of India
_c2010
270 _a234/4 A. J. C. Bose Road, 2nd MSO Building, Nizam Palace
_bKolkata
_e700020
300 _a229 p.
_c25cm (Pbk)
490 _aConservation Area Series, 43
_95715
650 _aZoology
_zIndia
_95716
700 _94162
700 _95587
942 _2ddc
_cEN
_h591
_mFAU
999 _c39100
_d39100